Pilotes de F2 promus en F1 - Statistiques

Statistiques générales
  • Ce quiz a été pris 43 fois
  • Le résultat moyen est 16 sur 23
Statistiques - réponses
Saison(s) de F2 Saison(s) de F1 Pilote % Correct
2023-24 Depuis 2025 Isack Hadjar
97%
2017 Depuis 2018 Charles Leclerc
94%
2024 Depuis 2025 Gabriel Bortoleto
94%
2023-24 Depuis 2024 Oliver Bearman
91%
2021 Depuis 2023 Oscar Piastri
88%
2024 Depuis 2025 Andrea Kimi Antonelli
84%
2017-18 Depuis 2019 Lando Norris
84%
2018 Depuis 2019 George Russell
81%
2020 2021-25 Yuki Tsunoda
81%
2021-22 Depuis 2023 Liam Lawson
78%
2019-21 2022-24 Guanyu Zhou
72%
2021-22 2023-24 Logan Sargeant
72%
2017-18 2019-20, depuis 2022 Alexander Albon
69%
2023-24 Depuis 2024 Franco Colapinto
69%
2017-19 2020-22 Nicholas Latifi
69%
2019-20 2021 Nikita Mazepin
69%
2019-20 2021-22 Mick Schumacher
66%
2025 A partir de 2026 Arvid Lindblad
63%
2017-19 2022-23 Nyck De Vries
59%
2022-23 2024-25 Jack Doohan
53%
2018-21 2020 Jack Aitken
47%
2017 2018 Serguey Sirotkin
28%
2017-18, 2022 2015 Roberto Merhi
19%
Aucun quiz correspondant
Distribution des résultats
% des personnes avec chaque résultat
Percentile par nombre de réponses
Votre historique - résultats
Vous n’avez pas pris ce quiz